Представление документа в формате RUSMARC

ПолеНазваниеЗначение
  Тип записи i
  Библиографический уровень m
001 Контрольный номер RU/IS/BASE/479557382
005 Дата корректировки 20201206204940.0
010 Индекс ISBN __
a ISBN 978-5-9677-2036-9 (в кор.)
d Цена 204-75
100 Данные общей обработки __
a Данные общей обработки 19150313d2014||||||| 0rusy0189 ca
101 Язык документа 0_
a Язык текста rus
102 Страна публикации __
a Страна публикации ru|
105 Кодированные данные (монография) __
a Кодированные данные (монография) nn|||||||||zy
127 Кодированные данные (звукозаписи-физические характеристики) __
a Продолжительность проигрывания 02 ч 09 мин
200 Заглавие и сведения об ответственности 1_
a Заглавие Нахлебник
e Сведения, относящиеся к заглавию [12+]
f Первые сведения об ответственности И. С. Тургенев ; [исполнители: Галикс Колчицкий и др.]
b Общее обозначение материала Звукозапись
210 Выходные данные __
a Место издания Москва
c Издательство Агентство
d Дата издания 2014
215 Физическое описание __
a Объем 1 электрон. опт. диск (Audio CD)
c Иллюстрации/тип воспроизводства mp3, stereo
d Формат 12х14 см
225 Серия __
a Серия 1С: Аудиокниги
225 Серия __
a Серия Русская классика
230 Специфическая характеристика материала: электронные ресурсы __
a Обозначение и объем ресурса Электронные звуковые данные
323 Примечание о главных создателях, исполнителях, участниках __
a Примечание о главных создателях, исполнителях, участниках Колчицкий, Г.
323 Примечание о главных создателях, исполнителях, участниках __
a Примечание о главных создателях, исполнителях, участниках Нифонтова, Р.
323 Примечание о главных создателях, исполнителях, участниках __
a Примечание о главных создателях, исполнителях, участниках Сашин-Никольский, А.
323 Примечание о главных создателях, исполнителях, участниках __
a Примечание о главных создателях, исполнителях, участниках Потемкин, Л.
323 Примечание о главных создателях, исполнителях, участниках __
a Примечание о главных создателях, исполнителях, участниках Грибков, В.
323 Примечание о главных создателях, исполнителях, участниках __
a Примечание о главных создателях, исполнителях, участниках Зайцев, С.
323 Примечание о главных создателях, исполнителях, участниках __
a Примечание о главных создателях, исполнителях, участниках Белокуров, В.
323 Примечание о главных создателях, исполнителях, участниках __
a Примечание о главных создателях, исполнителях, участниках Калинин, С.
323 Примечание о главных создателях, исполнителях, участниках __
a Примечание о главных создателях, исполнителях, участниках Дементьева, В.
323 Примечание о главных создателях, исполнителях, участниках __
a Примечание о главных создателях, исполнителях, участниках Трошин, В.
323 Примечание о главных создателях, исполнителях, участниках __
a Примечание о главных создателях, исполнителях, участниках Гуляева, Н.
323 Примечание о главных создателях, исполнителях, участниках __
a Примечание о главных создателях, исполнителях, участниках Соколова, В.
323 Примечание о главных создателях, исполнителях, участниках __
a Примечание о главных создателях, исполнителях, участниках Баташов, М.
330 Аннотация __
a Аннотация 14 лет эта пьеса Ивана Сергеевича Тургенева находилась под цензурным запретом. Отношение к ней было неоднозначным. Гоголь считал пьесу безнравственной, зато Герцен отзывался о ней восторженно. Сюжет произведения прост: в доме Ольги Петровны Елецкой живет "на хлебах" обедневший дворянин Кузовкин, человек добрый, но бесхарактерный. И разве мог хоть кто-нибудь предположить, что одно случайно произнесенное им слово способно круто изменить судьбу всех героев этой истории...
333 Примечание о целевом назначении __
a Примечание о целевом назначении 12+. Для детей старше 12 лет
337 Примечание о системных требованиях (электронные ресурсы) __
a Примечание о системных требованиях (электронные ресурсы) Системные требования: ПК: MS Windows 95/98/2000/XP/Vista/7 ; Pentium 100 ; ОЗУ 16 Мб ; монитор SVGA, 800x600 ; устройство чтения CD/DVD-ROM ; зв. карта ; колонки или наушники ; мышь ; аудиосистемы с поддержкой формата MP3: музыкальный центр ; CD/DVD-плеер, планшет, смартфон и прочие устройства
606 Тематические рубрики __
a Основная рубрика Художественная литература
606 Тематические рубрики __
a Основная рубрика Русская литература XIX в. (произведения)
610 Ключевые слова __
a Ключевые слова драматургия
a Ключевые слова классическая литература
a Ключевые слова комедии
a Ключевые слова пьесы
a Ключевые слова русская классика
a Ключевые слова тема жизни
a Ключевые слова тема человека
686 Индексы других классификаций __
2 Код системы rubbks
a Классификационный индекс 84(2=411.2)52-6я04; ст84(2Рос=Рус)1-6я0
700 Автор _1
a Фамилия Тургенев
b Имя И. С.
f Даты 1818-1883
g Полное личное имя Иван Сергеевич
4 Код отношения 070
801 Источник записи _0
a Страна ru
b Организация Муниципальное бюджетное учреждение культуры "Централизованная библиотечная система" г. Сургут (Центральная городская библиотека им. А. С. Пушкина)
c Дата составления 20150313
g Правила каталогизации КиК/Лукашук
801 Источник записи _1
a Страна ru
b Организация Муниципальное бюджетное учреждение культуры "Централизованная библиотечная система" г. Сургут (Центральная городская библиотека им. А. С. Пушкина)
c Дата составления 20150313
g Правила каталогизации КиК/Лукашук
852 Данные о местонахождении __
j Шифр хранения 84(2=411.2)52-6я04
i Авторский знак Т 87
901 Тип документа 1_
t Тип документа 0
903 Характеристики (МАРС) __
a Дата передачи 20150313
969 Тип издания __
a Тип издания аудиокнига; издание для слепых
990 Данные о заказе (DOS) __
j Количество экземпляров (DOS) 8
t N записи в КСУ для И/У (DOS) 201503